1683 1713 1445 1853 1318 1080 1334 1390 1109 1809 1379 1845 1293 1122 1317 1775 1607 1282 1925 1300 1567 1754 1884 1690 1466 1785 1499 1167 1296 1548 1131 1614 1810 1789 1031 1977 1470 1500 1874 1348 1689 1185 1761 1981 1644 1670 1852 1512 1181 1395 1389 1811 1102 1214 1500 1316 1694 1376 1855 1511 1887 1273 1466 1399 1086 1859 1164 1335 1979 1242 1111 1667 1060 1261 1401 1414 1954 1025 1473 1065 1217 1034 1593 1649 1921 1049 1450 1838 1760 1425 1871 1448 1527 1243 1897 1560 1232 1496 1965 BCNSPRNW ULIB Ver.6.0+V

เปลี่ยนเป็นภาษาไทย

Change to English
 แสดงรายละเอียดบรรณานุกรม
  กลับหน้าหลัก

Brief Record : Get Marc (ISO 2709) : E-mail record : QR code < ปิดหน้าต่าง
LEADER : 00000nam 2200000uu 4500
001    13399108096
003     ULIB
008    110216s2547||||th 000 0 tha d
020    9749523636
060 04 WY159^bป191ก 2547
100 0  ประกายแก้ว ประพฤติถ้อย
245 10 การพยาบาลกุมารเวชศาสตร์ /^cประกายแก้ว ประพฤติถ้อย ;ผู้ปรับปรุง, กรองกาญจน์ ศิริภักดี
250    พิมพ์ครั้งที่ 4
260    นนทบุรี :^bโครงการส่งเสริมการแต่งตำรามหาวิทยาลัยสุโขทัยธรรมาธิราช,^c2547
300    (13), 310 หน้า :^bภาพประกอบ ;^c26 ซม.
650  7 การพยาบาลกุมารเวชศาสตร์
700 0  กรองกาญจน์ ศิริภักดี,^eผู้ปรับปรุง
710 2  มหาวิทยาลัยสุโขทัยธรรมาธิราช. ^bโครงการส่งเสริมการแต่งตำรา
945    ^p250^l0^i017987
945    ^p250^l0^i018514
945    ^p250^l0^i019686
945    ^p250^l0^i018513
995    เกษร
999 ^a ใช้งานได้ทุกระบบ
รายการนี้ยังไม่มีแท็ก
คุณยังไม่ได้ล็อกอิน คุณสามารถมีกิจกรรมร่วมกับเว็บไซต์ได้ แต่ต้องล็อกอินก่อน ::
  ล็อกอิน

รายการสื่อสารสนเทศ

ลำดับที่ ประเภท เลขเรียก/บาร์โค้ด สถานที่ สถานะ
- ไม่พบข้อมูล -

รายการใกล้เคียง
    ผู้แต่ง [ประกายแก้ว ประพฤติถ้อย]

    หัวเรื่อง [การพยาบาลกุมารเวชศาสตร์]

BibComment


ยังไม่เคยถูกคอมเมนท์

คอมเมนท์ทรัพยากรรายการนี้
  คอมเมนท์: การพยาบาลกุมารเวช..


 Copyright 2026. Bcnsprnw @Library